000 00705nam a2200253Ia 4500
003 OSt
005 20221006160758.0
006 a|||||r|||| 00| 0
007 ta
008 221006b |||||||| |||| 00| 0 eng d
020 _a9788955189186
_cW11,000
024 _a46,318
037 _cTextual
040 _aEASL
_cEASL
_beng
041 _2eng
_aeng
082 _aP495,3, Q1.2
100 _aGanada Korean language Institute
245 0 _aKorean for Foreigners
_b Workbook elementary 2
260 _aSeoul
_bLanguage PLUS Korea
_c2011
300 _a126p.
_ccm.
490 _v KL
942 _hP495,3, Q1.2
_cTEXL
_2CC
999 _c1114410
_d1114410